Razón práctica y normas

Shranjeno v:
Bibliografske podrobnosti
Glavni avtor: Raz, Joseph (Author)
Format: Knjiga
Jezik:španščina
Izdano: Madrid Centro de Estudios Constitucionales 1991
Serija:El Derecho y la Justicia. Elías Díaz, 27
Teme:
Oznake: Označite
Brez oznak, prvi označite!

MARC

LEADER 00000nam a2200000 a 4500
001 UCV2952
003 CL-VaPUC
008 930114e19910000SP |||||||||||||||||spa|d
082 0 4 |a 340.1  |b RAZ  |2 21 
100 0 |a Raz, Joseph  |e author  |9 297253 
245 1 0 |a Razón práctica y normas 
300 |a 260 p 
942 |c BK 
945 |d 19930114 00:00:00 
260 |a Madrid  |b Centro de Estudios Constitucionales  |c 1991 
650 0 |a Filosofía del derecho   |9 255050 
583 |a last modification  |c 19930114 00:00:00  |k Rodrigo Vera 
490 0 |a El Derecho y la Justicia. Elías Díaz, 27 
999 |c 210384  |d 210382 
952 |0 0  |1 0  |4 0  |6 340_100000000000000_RAZ_1991  |7 0  |8 DER_TF  |9 186569  |a BIBDER  |b BIBDER  |d 2019-11-14  |i 2540789  |o 340.1 RAZ 1991  |p 2540789  |r 2023-01-25  |w 2019-11-14  |x Ubicación 4to Piso  |y BK  |z Estos recursos deben solicitarse con anticipación  |k DER